América Latina en la era del fascismo / (Registro nro. 50299)
[ vista simple ]
| 000 -LEADER | |
|---|---|
| fixed length control field | 01158nam a2200265 u 4500 |
| 001 - CONTROL NUMBER | |
| control field | 9918442947304201 |
| 005 - DATE AND TIME OF LATEST TRANSACTION | |
| control field | 20260205172510.0 |
| 008 - FIXED-LENGTH DATA ELEMENTS--GENERAL INFORMATION | |
| fixed length control field | 230703s2023 sp 000 0 spa d |
| 020 ## - INTERNATIONAL STANDARD BOOK NUMBER | |
| International Standard Book Number | 978-84-1369-562-4 |
| 040 ## - CATALOGING SOURCE | |
| Original cataloging agency | CO-CtgCURN |
| Language of cataloging | spa |
| Transcribing agency | coctgcurn |
| 082 04 - DEWEY DECIMAL CLASSIFICATION NUMBER | |
| Classification number | 320.533 |
| Item number | C837 |
| 100 1# - MAIN ENTRY--PERSONAL NAME | |
| Personal name | Costa Pinto, António. |
| 245 10 - TITLE STATEMENT | |
| Title | América Latina en la era del fascismo / |
| Statement of responsibility, etc. | António Costa Pinto. |
| 260 ## - PUBLICATION, DISTRIBUTION, ETC. | |
| Place of publication, distribution, etc. | Granada : |
| Name of publisher, distributor, etc. | [Comares], |
| Date of publication, distribution, etc. | 2023. |
| 300 ## - PHYSICAL DESCRIPTION | |
| Extent | 107 páginas. : |
| Other physical details | tbl. ; |
| Dimensions | 24 cm. |
| 490 1# - SERIES STATEMENT | |
| Series statement | Comares Historia |
| 520 8# - SUMMARY, ETC. | |
| Summary, etc. | "Este libro revisita el estudio de las alternativas autoritarias a la democracia liberal en América Latina en la década de 1930, desde la perspectiva de la difusión del corporativismo en el mundo de las dictaduras entre guerras y entre las élites autoritarias." |
| 650 #7 - SUBJECT ADDED ENTRY--TOPICAL TERM | |
| Topical term or geographic name entry element | Fascismo |
| Geographic subdivision | América latina |
| Chronological subdivision | Siglo XIX. |
| 650 #4 - SUBJECT ADDED ENTRY--TOPICAL TERM | |
| Topical term or geographic name entry element | Política |
| Geographic subdivision | América latina. |
| 650 #4 - SUBJECT ADDED ENTRY--TOPICAL TERM | |
| Topical term or geographic name entry element | Derechas (Política) |
| Geographic subdivision | América latina |
| Chronological subdivision | Siglo XIX. |
| 650 #4 - SUBJECT ADDED ENTRY--TOPICAL TERM | |
| Topical term or geographic name entry element | Democracia |
| Geographic subdivision | América latina |
| Chronological subdivision | Siglo XIX. |
| 830 #0 - SERIES ADDED ENTRY--UNIFORM TITLE | |
| Uniform title | Comares Historia. |
| 942 ## - ADDED ENTRY ELEMENTS (KOHA) | |
| Koha item type | Libros |
| Classification part | 320.533 |
| Item part | C837 |
| Withdrawn status | Lost status | Damaged status | Not for loan | Collection | Home library | Current library | Shelving location | Date acquired | Inventory number | Total checkouts | Full call number | Barcode | Date last seen | Copy number | Price effective from | Koha item type | Public note |
|---|---|---|---|---|---|---|---|---|---|---|---|---|---|---|---|---|---|
| General | Miguel Henríquez Castañeda | Miguel Henríquez Castañeda | General | 02/05/2026 | 025760 | 320.533 C837 | 025760 | 02/05/2026 | ej.1 | 02/05/2026 | Libros | 320-CIENPO | |||||
| General | Miguel Henríquez Castañeda | Miguel Henríquez Castañeda | General | 02/05/2026 | 025761 | 320.533 C837 | 025761 | 02/05/2026 | ej.2 | 02/05/2026 | Libros | 320-CIENPO | |||||
| General | Miguel Henríquez Emiliani | Miguel Henríquez Emiliani | General | 02/05/2026 | 025762 | 320.533 C837 | 025762 | 02/05/2026 | ej.3 | 02/05/2026 | Libros | 320-CIENPO |